| 000 | 01129nam a2200289 a 4500 | ||
|---|---|---|---|
| 001 | BRCA_8356 | ||
| 005 | 20190320210239.0 | ||
| 008 | 180714s1914----fr-a###f##---#001-0#fre-# | ||
| 041 | _afre | ||
| 044 | _afr | ||
| 050 | 4 |
_aND641 _b.H66 1919 |
|
| 245 | 1 | 0 |
_aLe Musée du Louvre _bdepuis 1914, dons. legs et acquisitions _cpublié par le soins de Henri Riviére ; preface de Louis Barthou. |
| 260 |
_aParis _bDemotte _c1919-1921 |
||
| 300 |
_a3 v. _bil., láminas _c44 cm. |
||
| 440 | 0 |
_aLes accroissements des Musées Nationaux Francaise : recueil annuel _920919 |
|
| 500 | _aIncluye tabla alfabética de adquisiciones | ||
| 500 | _aR94 | ||
| 505 | 0 | _av.1 Sculptures. Peintures (1919).-- v.2 Dessins. Miniatures. Des Ouvres D´art (1920).-- v.3 Sculptures. Peintures. Des Ouvres D´art (1921) | |
| 610 | 2 | 4 |
_aMusée du Louvre, Paris _vAnuario _920920 |
| 650 | 1 | 4 |
_aObjetos de arte _vAdquisiciones _920921 |
| 650 | 1 | 4 |
_aObjetos de arte _vLegado _920922 |
| 650 | 1 | 4 |
_aObjetos de arte _vDonaciones _920923 |
| 700 | 1 |
_aRiviére, Henri _epubl. _920924 |
|
| 700 | 1 |
_aBarthou, Louis _ePref. _920925 |
|
| 902 | _aGFM | ||
| 942 |
_2lcc _cB |
||
| 999 |
_c8024 _d8024 |
||